| 000 | 01448cam a2200361 a 4500 | ||
|---|---|---|---|
| 001 | 4299 | ||
| 003 | FISKH | ||
| 005 | 20240715084222.0 | ||
| 008 | 050303s2005 nyu c 000 1 eng | ||
| 010 | _a 2005045116 | ||
| 020 | _a0765314479 (pbk. : acidfree paper) | ||
| 020 | _a9780765353252 | ||
| 040 |
_aDLC _cDLC _dDLC _beng |
||
| 050 | _aPZ7.L96775 | ||
| 082 | _a813.54 | ||
| 100 | 1 | _aLubar, David. | |
| 245 | 1 | 0 |
_aInvasion of the road weenies : _band other warped and creepy tales / _cDavid Lubar. |
| 260 |
_aNew York : _bStarscape, _c2005. |
||
| 300 |
_a184 pages : _c20 cm |
||
| 500 | _a"A Tom Doherty Associates Book." | ||
| 505 | _aN | ||
| 520 | _aA collection of thirty-five stories featuring such horrors as a monstrous Halloween costume, a midnight visit to a graveyard, and a hearing-impaired genie. Includes author's notes on how he got his ideas for these stories. | ||
| 520 | _aA collection of thirty-five stories featuring such horrors as a monstrous Halloween costume, a midnight visit to a graveyard, and a hearing-impaired genie. Includes author's notes on how he got his ideas for these stories. | ||
| 521 | 8 |
_a560
_bLexile |
|
| 521 | 8 |
_aM
_bRaz-Plus |
|
| 650 | 0 | _aHorror tales, American. | |
| 650 | 0 | _aChildren's stories, American. | |
| 650 | 1 | _aHorror stories. | |
| 650 | 1 | _aShort stories. | |
| 906 |
_a7 _bcbc _corignew _d1 _eocip _f20 _gy-gencatlg |
||
| 942 |
_2ddc _cBK _n0 |
||
| 999 |
_c4299 _d4299 |
||